000 00799nam a22002531a 4500
001 8461293
005 20160723020002.0
008 770813s1965 xx 000 0 eng
010 _a65019497
035 _a(OCoLC)3185318
040 _aDLC
_cSdSifB
_dDLC
042 _apremarc
050 0 0 _aBV 4501.2.H84 1965
_bBV 4501.2.H84 1965
082 0 _a248.4
100 1 _aHunter, John Edward,
_d1909-
245 1 0 _aKnowing God's secrets :
_bthe secret of the effective Christian life /
_cby John Hunter.
260 _aGrand Rapids :
_bZondervan Publishing House,
_c[1965]
300 _a151p : 21cm.
650 0 _aChristian life.
906 _a7
_bcbc
_coclcrpl
_du
_encip
_f19
_gy-gencatlg
985 _eOCLC REPLACEMENT cdsdistr
991 _bc-GenColl
_hBV4501.2
_i.H84
_tCopy 1
_wOCLCREP
942 0 0 _03
999 _c23467
_d23467